MDQL
is popping MORE tags! Check the
thread
!
Quizzes
Events
Quiz Creation
Community
Videos
Private Events
Remove Ads
Sign In
Join for FREE
Feedback
Dark Mode
Quiz Categories
Sports
Geography
Music
Movies
Television
Just For Fun
Miscellaneous
History
Literature
Language
Science
Gaming
Entertainment
Religion
Holiday
For Kids
Quiz Lab
Recent
Popular Today
Quiz Kudos Today
Editor Picks
Curator Picks
Quizzes by...
Day
Popularity
Type
Ratings
Length
Year
Community
Subscriptions
Recent Discussions
Orange Saloon
Badges
Playlists
Quests
Create
Leaderboards
Showdown
Live 5
Trivia Bingo
Activity
Puzzle Library
Sporcle Events
Private Events
Virtual Trivia
Globe League
Become a Host
Pub Owners
SporcleCon
Opinionation
Our Games
Videos
Blog
Mobile Apps
Partnerships
Remove Ads and Go Orange
Feedback
Gaming
Video Games
Board Games
Card Games
Pokémon
Mario
Nintendo
Minecraft
Console
Toys
Legend of Zelda
Gaming
Video Games
Board Games
Card Games
Pokémon
Mario
Nintendo
Minecraft
Console
Toys
Legend of Zelda
Random Quiz
Search Sporcle
×
Quiz Lab
Quiz Lab
Gaming
Capital
Type in answers that appear in a list
Type in answers that appear in a list
Classic
Best Score? Go Orange.
BTD6 Name Upgrades Stats
Can you name the BTD6 Name Upgrades?
By
timokirby
10m
152 Questions
372 Plays
372 Plays
372 Plays
Comments
Comments
Give Quiz Kudos
Give Quiz Kudos
-
- Ratings
hide this ad
Replay
Link that replays current quiz
Next Quiz
Link to next quiz in quiz playlist
You Got
0%
They Got
Avg Score
26%
Avg Friend Score
Upgrade to see
Score Distribution
Jump to the score distribution portion of the page
Score
0/152
Timer
10:00
1
Play Today
Ex. Long range darts
Answer
% Correct
Long range
76.2%
Crossbow
74.1%
Juggernaut
68.1%
Crossbow master
67.8%
Ultra juggernaut
63.2%
Super monkey fan club
61.4%
Dart Monkey
Sharp shots
60.8%
Sharp shooter
58.6%
Plasma monkey fan club
55.9%
Long range darts
55.4%
Triple shot
54.1%
True sun god
52.4%
Spike o pult
51.6%
Sun avatar
51.4%
Sun temple
50.8%
Super range
50.8%
Enhanced eyesight
49.7%
Quick shots
48.1%
Legend of the night
47%
Robo monkey
46.5%
Epic range
43.5%
Knockback
43.2%
Ultravision
43%
The anti bloon
42.7%
Tech terror
41.9%
Monkaneer
Double shot
41.9%
Double shot
41.9%
Elite defender
41.4%
Dark knight
39.7%
Dark champion
39.5%
Cripple moab
39.5%
Elite sniper
38.9%
Grapeshot
38.4%
Razor sharp shots
38.1%
Super Monkey
Laser blasts
35.9%
Plasma blasts
35.7%
Maim moab
35.4%
Faster firing
35.1%
Faster shooting
33.5%
Bouncing bullet
33%
Supply drop
32.2%
Hot shot
31.6%
Sniper Monkey
Full metal jacket
30.8%
Avatar of wrath
30.5%
Wall of fire
30.5%
Druid of the jungle
30.3%
Very quick shots
30%
Fireball
30%
Shrapnel shot
29.5%
Night vision goggles
28.6%
Semi automatic
28.6%
Ex. Long range darts
Answer
% Correct
Druid
Hard thorns
28.4%
Destroyer
28.1%
Pirate lord
28.1%
Full auto rifle
27.3%
Crows nest
27.3%
Poplust
27.3%
Superstorm
27%
Archmage
26.5%
Deadly precision
25.4%
Spirit of the forest
25.4%
Shimmer
25.4%
Aircraft carrier
25.1%
Dragons breath
24.9%
Even faster firing
24.3%
Heart of oak
24.3%
Druid of the storm
24.1%
Summon phoenix
23.5%
Merchantman
23.2%
Trade empire
23.2%
Carrier flagship
23%
Cannon ship
23%
Arcane spike
23%
Bloonjitsu
23%
Wizard lord phoenix
22.7%
Grandmaster ninja
22.7%
Druid of wrath
22.4%
Thorn swarm
22.2%
Faster throwing
22.2%
Monkey pirates
21.9%
Jungles bounty
21.9%
Monkey sense
21.9%
Seeking shuriken
21.6%
Favored trades
20.8%
Caltrops
20.8%
Large calibre
20.3%
Ball lightning
20%
Jungle drums
19.7%
Berserker brew
19.5%
Permanent brew
19.2%
Ninja
Ninja discipline
19.2%
Master bomber
19.2%
Faster darts
19.2%
Stronger stimulant
18.9%
Intense magic
18.4%
Bloon master alchemist
18.4%
Wizard Monkey
Guided magic
18.1%
Pursuit
17.8%
Lead to gold
17.6%
Fast firing
17.3%
Sticky bomb
17.3%
Heart of thunder
16.8%
Ex. Long range darts
Answer
% Correct
Rubber to gold
16.8%
Flash bomb
16.8%
Heart of vengeance
16.5%
Arcane mastery
16.5%
Necromancer unpopped army
16.5%
Alchemist monkey
Larger potions
16.5%
Apache prime
16.5%
Distraction
15.9%
Acid pool
15.7%
Heli pilot
Quad darts
15.7%
Sharp shurikens
15.7%
Arcane blast
14.6%
Acidic mixture dip
13.8%
Primary expertise
13.5%
Shinobi tactics
13.2%
Apache dartship
13.2%
Razor rotors
13%
Bloon sabotage
13%
Ifr
13%
Primary training
12.7%
Druidic reach
11.9%
Grand saboteur
11.9%
Radar scanner
11.9%
Total transformation
11.6%
Downdraft
11.6%
Homeland defense
11.1%
Perishing potions
10.8%
Monkeyopolis
10.5%
Stronger acid
10.3%
Transforming tonic
10.3%
Primary mentoring
10.3%
Monkey intelligence bureau
10.3%
Counter espionage
10%
Unstable concoction
9.7%
Monkey village
Bigger radius
9.7%
Call to arms
9.5%
Moab shove
9.2%
Bigger jets
8.9%
Comanche commander
8.9%
Support chinook
8.6%
Special poperations
7.6%
Monkey town
7.3%
Soulbind
7%
Comanche defense
6.8%
Grow blocker
6.8%
Monkey city
6.2%
Sprokets
3.8%
Monkey business
3.5%
Larger service area
3.2%
Monkey comerce
1.1%
Quiz Playlist
Details
Report
Send in Message
Add To Playlist
Classic:
Type in answers that appear in a list
Last Updated: Sep 29, 2019
Quiz Scoreboard
CHALLENGE
Sign Up to Join the Scoreboard
Show All
Scores
Hide
Comments
May contain spoilers
Recently Published
Street Fighter Characters
by Artimus82
Gaming
60s
9x9 Crossword: Cartoon Network
by jackfrog10
Miscellaneous
3m
College Basketball Coaching Resumes
by pancakes188
Sports
9m
More to Explore
Quiz From the Vault
Featured Blog Post
Where Did the Easter Bunny Come From?
hide this ad
You Might Also Like...
Tags
Capital Quiz
dart
long
Lowercase
range
rest
upgrade
Today's Top Quizzes in Gaming
Browse Gaming
hide this ad
Today's Top Quizzes in Capital
Browse Capital
Top Contributed Quizzes in Gaming
1
5-to-1: Consoles
2
7-to-1: Board Game Piece Blitz
3
5-to-1: Legend of Zelda
4
League of Legends Pro Players by Career/Team History
5
Destiny 2 exotic weapons by perk icons
6
Ultimate Genshin Impact Logic Puzzle (up to 4.3)
7
Franchise by Action Figure
8
Who's on the WWE 2K24 Cover?
9
Genshin Impact Logic Puzzle Quiz
10
Order the Pokémon Regions
Explore More
Trending Topics
Kpop
Disney
Harry Potter
NBA
Crossword
Marvel
Anime
Soccer
Country
NFL
Puzzle
Pokémon
WWE
Song
The Office
hide this ad
More By:
timokirby
Quiz
Plays
Rating
Category
Featured
Created
BTD6 Name Upgrades
372
1.00
Gaming
Sep 29, 2019
Go to Creator's Profile
Score Distribution
Quiz Creator Spotlight
timokirby
Follow
Send a Message
Quizzes Created
-
Created Quiz Play Count
-
More By This Creator
Popular Quizzes Today
1
Find the US States - No Outlines Minefield
2
Find the Countries of Europe - No Outlines Minefield
3
The Countries of the World
4
Find the US States
5
Risky Map Clicking: Biggest States A-Z
6
US States
7
Popular People in 1961
8
Movies - When Are They Set?
More Gaming Quizzes
Dragon Ball Z: Super Butoden Characters
Quiz Lab
Trending Quizzes
Risky Map Clicking: Least Populous States A-Z
Countries of the World: 200 Million BC
Billboard Blitz: Aretha Franklin
1-10 Letter G Words
Famous Russians: Author or Composer?
Recently Updated
Leaping Animals
pecheneg
Reality TV Shows (A-Z)
bhenderson79
Rickey Henderson's Hall of Fame Teammates
pecheneg
Champions League XIs: Arsenal
pecheneg
Quick Pick: Celebrities in WWE's Hall of Fame
aduchscher
A-Z Keypad Blitz II
pecheneg
Multiple Oscar Actors
pecheneg
Mystery Phrase Blitz: Oscar 'Best Actors'
pecheneg
F. Scott Fitzgerald Novels
LTH
Pick 3 Villains
ddd62291
Trending Topics
Marvel
Crossword
Kpop
NBA
Harry Potter
Disney
Anime
Country
Pokémon
Song
The Office
Soccer
WWE
NFL
Puzzle
Your Account Isn't Verified!
In order to create a playlist on Sporcle, you need to verify the email address you used during registration. Go to your
Sporcle Settings
to finish the process.
Report this User
Report this user for behavior that violates our
Community Guidelines
.
Details:
Send Report
Go to the Sporcle.com Mobile Site →
Comments